Loading...

The Cambridge Companion to Habermas

Bibliographic Details
Main Author: White,Stephen K
Format: Printed Book
Published: USA : Cambridge University Press, 1995
LEADER 00415nam a22001217a 4500
260 |a USA :  |b Cambridge University Press,  |c 1995 
999 |c 272699  |d 272699 
082 |a 809.9384 WHI(TB) 
100 |a White,Stephen K 
245 |a The Cambridge Companion to Habermas 
300 |a 354p 
942 |c BK 
952 |0 0  |1 0  |4 0  |6 809_938400000000000_WHITB  |7 0  |9 289857  |a ENG  |b ENG  |d 2020-01-09  |l 0  |o 809.9384 WHI(TB)  |p ENG11468  |r 2020-01-09  |w 2020-01-09  |y REF